| 000 | 00517nam a2200181Ia 4500 | ||
|---|---|---|---|
| 999 |
_c8005 _d8005 |
||
| 003 | OSt | ||
| 005 | 20200120102311.0 | ||
| 008 | 190216s9999||||xx |||||||||||||| ||und|| | ||
| 020 | _a9780195677959 | ||
| 020 | _a0195677951 | ||
| 040 | _coclc | ||
| 082 |
_a658.4013 _bBED/Q |
||
| 100 |
_aBedi, Kanishka _91271 |
||
| 245 | 0 |
_aQuality Management / _cKanishka Bedi |
|
| 260 |
_bOxford University Press, _c2011. _aNew Delhi: |
||
| 300 | _a712p | ||
| 942 |
_cBK _2ddc _h658.4013 _iBED/Q _k658.4013 _mBED/Q |
||